<?xml version="1.0" encoding="UTF-8"?>
<collection xmlns:xsi="http://www.w3.org/2001/XMLSchema-instance" xsi:schemaLocation="http://www.loc.gov/MARC21/slim http://www.loc.gov/standards/marcxml/schema/MARC21slim.xsd" xmlns="http://www.loc.gov/MARC21/slim">
 <record>
  <leader>00000cam a22000004i 4500</leader>
  <controlfield tag="001">UP-99796217612992625</controlfield>
  <controlfield tag="003">Buklod</controlfield>
  <controlfield tag="005">20190427162523.0</controlfield>
  <controlfield tag="006">t    grm    00| u|</controlfield>
  <controlfield tag="007">ta</controlfield>
  <controlfield tag="008">190427s2016    xx     d     r    |||| u|</controlfield>
  <datafield tag="020" ind1=" " ind2=" ">
   <subfield code="a">9789715698887</subfield>
  </datafield>
  <datafield tag="035" ind1=" " ind2=" ">
   <subfield code="a">(iLib)UPD-00398864658</subfield>
  </datafield>
  <datafield tag="040" ind1=" " ind2=" ">
   <subfield code="a">DEDUC</subfield>
  </datafield>
  <datafield tag="041" ind1="0" ind2=" ">
   <subfield code="a">fil</subfield>
  </datafield>
  <datafield tag="090" ind1=" " ind2=" ">
   <subfield code="a">CB 1924</subfield>
  </datafield>
  <datafield tag="100" ind1="1" ind2=" ">
   <subfield code="a">Gojo Cruz, Genaro, R.</subfield>
   <subfield code="e">author.</subfield>
  </datafield>
  <datafield tag="245" ind1="1" ind2="4">
   <subfield code="a">Imbisibol na ako</subfield>
   <subfield code="c">kuwento ni Genaro R. Gojo Cruz ; guhit ni Aldy C. Aguirre.</subfield>
  </datafield>
  <datafield tag="264" ind1=" " ind2="1">
   <subfield code="a">Makati City</subfield>
   <subfield code="b">The Bookmark, Inc.</subfield>
   <subfield code="c">c2016.</subfield>
  </datafield>
  <datafield tag="300" ind1=" " ind2=" ">
   <subfield code="a">16 pages</subfield>
   <subfield code="b">color illustrations</subfield>
   <subfield code="c">23 cm</subfield>
  </datafield>
  <datafield tag="336" ind1=" " ind2=" ">
   <subfield code="a">text</subfield>
   <subfield code="2">rdacontent</subfield>
  </datafield>
  <datafield tag="337" ind1=" " ind2=" ">
   <subfield code="a">unmediated</subfield>
   <subfield code="2">rdamedia</subfield>
  </datafield>
  <datafield tag="338" ind1=" " ind2=" ">
   <subfield code="a">volume</subfield>
   <subfield code="2">rdacarrier</subfield>
  </datafield>
  <datafield tag="520" ind1=" " ind2=" ">
   <subfield code="a">&quot;Isang umaga, naging imbisibol si Dindo. Nakapasok na siya nang maaga sa paaralan nang di napapansin ng kaniyang Nanay. Nakasama na siya sa kanialang flag ceremony at buong-pusong naawit ang Lupang Hinirang. Nakapasok din siya sa klasrum nang di napapansin ng kaniyang guro. Masayang-masaya si Dindo! Umupo si Dindo sa upuang nasa tabi ni Pol, ang kaniyang matalik na kaibigan. Piro ipinagtataka niya, malungkot at walang kibo si Pol. Ano nga kaya ang tunay na nangyari kay Dindo? Bakit siya naging imbisibol? Paano nila maipagpapatuloy ang isang tunay na pagkakaibigan .</subfield>
  </datafield>
  <datafield tag="650" ind1=" " ind2="0">
   <subfield code="a">Friendship in children -- Juvenile fiction.</subfield>
  </datafield>
  <datafield tag="650" ind1=" " ind2="0">
   <subfield code="a">Loneliness in children -- Juvenile fiction.</subfield>
  </datafield>
  <datafield tag="650" ind1=" " ind2="0">
   <subfield code="a">School in children -- Juvenile fiction.</subfield>
  </datafield>
  <datafield tag="650" ind1=" " ind2="0">
   <subfield code="a">Friendship.</subfield>
  </datafield>
  <datafield tag="650" ind1=" " ind2="0">
   <subfield code="a">Loneliness.</subfield>
  </datafield>
  <datafield tag="650" ind1=" " ind2="0">
   <subfield code="a">School.</subfield>
  </datafield>
  <datafield tag="695" ind1=" " ind2="4">
   <subfield code="a">Children's stories, Filipino.</subfield>
  </datafield>
  <datafield tag="700" ind1="1" ind2=" ">
   <subfield code="a">Aguirre, Aldy, C.</subfield>
   <subfield code="e">illustrator.</subfield>
  </datafield>
  <datafield tag="905" ind1=" " ind2=" ">
   <subfield code="a">FI</subfield>
  </datafield>
  <datafield tag="852" ind1="0" ind2=" ">
   <subfield code="a">UPD</subfield>
   <subfield code="b">DEDUC</subfield>
   <subfield code="h">CB 1924</subfield>
  </datafield>
  <datafield tag="942" ind1=" " ind2=" ">
   <subfield code="a">Book</subfield>
  </datafield>
 </record>
</collection>
